Aristophanes /

Bibliographic Details
Other Authors: Bloom, Harold
Format: Book
Language:English
Published: Philadelphia : Chelsea House, 2002.
Series:Bloom's major dramatists
Subjects:
Classic Catalogue: View this record in Classic Catalogue
LEADER 01201nam a2200289 a 4500
001 0017165
003 BD-DhAAL
008 090804s2002 pau b 001 0 eng d
010 |a \\2002001820 
020 |a 0791063585 
040 |a DLC  |c DLC  |d DLC  |d BD-DhAAL 
082 0 0 |a 882.01  |2 21 
245 0 0 |a Aristophanes /  |c edited and with an introduction by Harold Bloom. 
260 |a Philadelphia :  |b Chelsea House,  |c 2002. 
300 |a 115 p. ;  |c 24 cm 
490 0 |a Bloom's major dramatists 
504 |a Includes bibliographical references and index. 
526 |a ENH  |x Prof. Syed Manzoorul Islam Faculty Member of BRAC University 
541 1 |e 00017165  |a Friends' Book Corner 
600 0 0 |a Aristophanes  |x Criticism and interpretation.  |9 58311 
650 0 |a Comedy. 
651 0 |a Greece  |x In literature.  |9 58312 
700 1 |a Bloom, Harold. 
852 4 |a Ayesha Abed Library  |c General Stacks 
942 |2 ddc  |c BK 
999 |c 3690  |d 3690 
952 |0 0  |1 0  |2 ddc  |4 0  |6 882_010000000000000_ARI  |7 0  |9 3352  |a BRACUL  |b BRACUL  |c GEN  |d 2009-09-03  |e Friends' Book Corner  |g 700.00  |l 1  |o 882.01 ARI  |p 3010017165  |r 2019-01-29  |s 2019-01-28  |t 1  |v 1400.00  |w 2009-09-03  |y BK  |x Requisitioned by Prof. Syed Manzoorul Islam (Faculty Member of BRAC University).